000 00486nam a2200181Ia 4500
001 13299
005 20260306164751.0
008 260306t2001||||xx |||||||||||||| ||spa||
041 _aESP
082 _a001.42
_bM42 2001
100 _aMéndez Álvarez, Carlos Eduardo.
_eAUT
245 0 _aMetodología:
_bdiseño y desarrollo del proceso de investigación
260 _c2001
300 _axx, 242 páginas :
_c23 cm.
650 _aGEN
654 _aCHU
942 _cLIB
_dJUS
_fJUS
_2ddc
_n
999 _c13299
_d13299